MARC

LEADER 00000nas a2200000 i 4500
001 ssj0001077882
003 WaSeSS
005 20200512172242.0
006 m d
007 cr n
008 140107c20uu9999enkf| p|s|||||| |0spa d
035 |a (WaSeSS)ssj0001077882 
040 |a WaSeSS  |b eng  |c WaSeSS  |d WaSeSS 
043 |a e-sp--- 
050 1 4 |a HD61 
245 0 0 |a Risk España  |h [electronic resource]. 
260 |a London :  |b Incisive Media Plc 
310 |a Semiannual 
506 |a License restrictions may limit access. 
588 |a Description based on: Primavera 2009; title from article pdf (ProQuest, viewed Jan. 7, 2014). 
588 |a Latest issue consulted: Primavera 2013 (viewed Jan. 7, 2014). 
650 0 |a Risk management  |v Periodicals. 
650 0 |a Financial risk management  |v Periodicals. 
650 0 |a Financial risk management  |z Spain  |v Periodicals. 
650 0 |a Risk management  |z Spain  |v Periodicals. 
655 0 |a Electronic journals. 
856 4 0 |z Full text available from Research Library: 04/01/2009 to 04/30/2014  |u https://search.proquest.com/publication/54887